Statystyki dla Państwa według jednej podpowiedzi #10

Kliknij tutaj aby rozwiązać quiz!

Ogólne statystyki

  • Ten quiz został rozwiązany 3 336 razy
  • Średni wynik to 11 z 20

Statystyki odpowiedzi

Podpowiedź:Państwo% Poprawnych
Afrykańskie państwo, które leży najbliżej Europy.Maroko
92%
Rządzi nim papież.Watykan
90%
Jego nazwa zaczyna się na "O".Oman
88%
Narodził się tam taniec flamenco.Hiszpania
86%
Jest największym państwem według powierzchni, które leży całkowicie w Europie.Ukraina
81%
Żył tam Pablo Escobar.Kolumbia
75%
Odkrywcy z tego państwa jako pierwsi przepłynęli dookoła Afryki.Portugalia
73%
Najpopularniejszymi lokalnymi językami tego państwa są Zulu, Xhosa i AfrikaansRepublika Południowej Afryki
67%
Jest największym eksporterem ropy naftowej w Europie.Norwegia
61%
Jest największym państwem, które graniczy z Morzem Karaibskim.Meksyk
60%
Powstało z połączenia Tanganiki i Zanzibaru.Tanzania
58%
W 1979 roku zostało zaatakowane przez ZSRR.Afganistan
40%
Czerwoni Khmerzy zabili ponad 10% populacji tego państwa pod koniec lat 70. XX wieku.Kambodża
40%
Było rządzone przez Mu'ammara al-Kaddefiego.Libia
39%
Ten azjatycki tygrys znany jest jako Miasto Lwa.Singapur
32%
Ma ono PKB na mieszkańca 20 razy większe niż jego jedyny sąsiad.Korea Południowa
31%
Do najważniejszych miast tego państwa należą Kom, Sziraz i Isfahan.Iran
23%
W 2016 odbył się tam nieudany zamach stanu (niektórzy podejrzewają, że zamach został zainscenizowany).Turcja
22%
Ma najmniejszy wskaźnik morderstw ze wszystkich państw, które mają więcej niż 10 milionów mieszkańców.Japonia
21%
Było rządzone przez Idiego Amina.Uganda
13%

Rozkład punktacji

Percentyl według liczby udzielonych odpowiedzi

Procent ludzi z każdym wynikiem

Twoja historia wyników

Nie rozwiązałeś tego quizu